Hard Arrested Development Trivia (Season 1) - Statistics

General Stats
  • This quiz has been taken 407 times
    273 since last reset
  • The average score is 5 of 10
Answer Stats
Question Answer % Correct
Which role was Tobias researching in prison? Frightened Inmate No. 2
73%
Which high school student is first shown in 'Bringing Up Buster'? Steve Holt
73%
Which of the Abrahamic religions has George Bluth not pursued? Islam
71%
What song was named after the Frozen Banana Stand? 'The Big Yellow Joint'
67%
Starla has signed records of which musician? Quincy Jones
49%
How was George Michael going to smoke the Marijuana? Like a cigarette
46%
What is the name of George Bluth's Jewish video series? Caged Wisdom
45%
What is the name of Lucille 2’s company? Standpoor
42%
What does Lucille use to lure Buster on to the balcony? Graham Cracker
40%
Which character suffers from lazy eyes? Kitty Sanchez
34%
No matching quizzes found
Score Distribution
Percent of People with Each Score
Percentile by Number Answered
Your Score History
You have not taken this quiz since the last reset